| 000 | 00558nam a2200181 4500 | ||
|---|---|---|---|
| 001 | 139257 | ||
| 003 | ES-MaACL | ||
| 005 | 20230906195735.0 | ||
| 007 | t| | ||
| 008 | 070214s1949 sp r ||||1| spa d | ||
| 100 | 1 |
_aSaroyan, William. _9103843 |
|
| 245 | 1 | 0 |
_aRespirando en el mundo / _cWilliam Saroyan ; traducción del inglés de Juan G. de Luaces. |
| 250 | _a1ª. ed. | ||
| 260 |
_aBarcelona : _bJosé Janés, _c1949. |
||
| 300 |
_a381 p., 38 lám. : _bil. ; _c20 cm. |
||
| 700 | 1 |
_aLuaces, Juan G. de. _974483 |
|
| 852 |
_aES-MaACL _jD-6152 _bR.29412 |
||
| 999 |
_c139257 _d139257 |
||